Geography Quiz

Random Geography or City Quiz

British City by former station name Quiz Stats

Quiz not verified by Sporcle

Challenge
Share
Tweet
Embed
Score 0/14 Timer 03:00
0 Plays Today
Station name City / Town % Correct
Tay BridgeDundee
85.1%
CitadelCarlisle
67.6%
ThorpeNorwich
55.4%
EdgeleyStockport
54.1%
Bank TopDarlington
32.4%
VauxhallYarmouth
27%
Trinity StreetBolton
25.7%
Station name City / Town % Correct
LansdownCheltenham
23%
Barrs CourtHereford
23%
Shaw StreetSt Helens
20.3%
Chapel StreetSouthport
18.9%
BranstyWhitehaven
12.2%
CharlestownAshton under Lyne
10.8%
Wellington RoadDewsbury
8.1%

You're not logged in!

Compare scores with friends on all Sporcle quizzes.
Sign Up with Email
OR
Log In

You Might Also Like...

Show Comments

Extras

Top Quizzes Today


Score Distribution

Your Account Isn't Verified!

In order to create a playlist on Sporcle, you need to verify the email address you used during registration. Go to your Sporcle Settings to finish the process.